Wiedza Ogólna #1 ("Milionerzy") - Statystyki

Ogólne statystyki
  • Ten quiz został rozwiązany 1 359 razy
    1 356 od ostatniego zresetowania
  • Średni wynik to 17 z 30
Statystyki odpowiedzi
Zagadnienie Odpowiedź % Poprawnych
Który pierwiastek jest oznaczony symbolem Mg? Magnez
95%
Jaki pierwiastek jest oznaczony symbolem Pb? Ołów
89%
Jaka jest stolica Turcji? Ankara
86%
Dlaczego __? Ja
86%
Którzy dwaj kandydaci na prezydenta III RP przeszli do drugiej tury? Andrzej Duda i Rafał Trzaskowski
85%
Jaka jest najwyższa góra Tanzanii? Kilimandżaro (Kibo)
85%
Jaka jest najwyższa góra Polski? Rysy
85%
Które miasto jest stolicą Australii? Canberra
80%
Jak nazywa się najlepszy kolega SpongeBob'a Kanciastoportego w znanej bajce anonimowanej o nazwie SpongeBob Kanciastoporty? Patryk
80%
Gra o _____ Tron
77%
Sprawiedliwi ______ _________ Wydział Kryminalny
72%
W którym roku upadł komunizm w Polsce? 1989
66%
Która reprezentacja wygrała najwięcej razy w MŚ w piłce nożnej? Brazylia
62%
W jakiej miejscowości jest geometryczny środek Polski? Piątek
62%
Przez Wenezuelę przepływa Amazonka Fałsz
57%
Które z poniższych miast ma największą aglomerację? (New) Delhi
52%
Które zdanie NIE jest zapisane poprawnie? W Szczebrzeszynie chrząszcz brzmi w trzcinie
51%
Konstytucją, z którego roku została wprowadzona nazwa państwa: Polska Rzeczpospolita Ludowa (PRL)? 1952
49%
W jakim województwie leży powiat łaski? łódzkie
49%
Jakie jest największe miasto szwajcarskie pod względem ludności? Zurych
49%
Znajdujesz się w Bellinzonie. Jakim językiem się posłużysz? włoski
47%
Ile pierwiastków zawiera Tablica Mendelejewa? 118
38%
Jaka jest stolica stanu Teksasu? Austin
37%
Z jakiego państwa pochodzi znana firma Supercell? Finlandia
28%
Które z poniższych państw jest najludniejsze? Pakistan
28%
Do jakiego kraju wyjechał bratanek "Górala" w serialu Policjantki i Policjanci? Norwegia
25%
Jaka jest najbardziej zaludniona wyspa świata? Jawa
24%
Jakie państwo ma większą gęstość zaludnienia od Bangladeszu i ma więcej niż 5 milionów ludzi? Singapur
24%
Które państwo NIE ma języka urzędowego: francuski? Mauretania
22%
W jakim stanie mieści swoją siedzibę znana firma Epic Games? Karolina Północna
11%
Nie znaleziono quizów pasujących do podanych kryteriów
Rozkład punktacji
Procent ludzi z każdym wynikiem
Percentyl według liczby udzielonych odpowiedzi
Twoja historia wyników
Nie rozwiązałeś tego quizu od ostatniego zresetowania